| 000 | 01125aam a2200349 i 4500 | ||
|---|---|---|---|
| 001 | 768714001 | ||
| 003 | CO-MdFUSB | ||
| 005 | 20230227143141.0 | ||
| 007 | ta | ||
| 008 | 230227t2002 -usacb|| |||| 00| 0 eng d | ||
| 020 | _a190368904X | ||
| 040 |
_bspa. _aCO-MdFUSB _cCO-MdFUSB _dCO-MdFUSBC _erda |
||
| 041 | _aeng | ||
| 082 | 0 | 4 |
_223 _a700 _bR7774n |
| 245 | 1 |
_aNew Orleans jazz, Mahalia Jackson and the philosophy of art _c/ editado por Marleen Hengelaar-Rookmaaker |
|
| 264 | 1 |
_aCarlisle, United Kingdom : _bPiquant, _c[2002] |
|
| 264 | 4 | _c© 2002 | |
| 300 |
_a404 páginas _c; 23 cm |
||
| 336 |
_2rdacontent _atexto _btxt |
||
| 337 |
_2rdamedia _asin mediación _bn |
||
| 338 |
_2rdacarrier _avolumen _bnc |
||
| 490 | _aThe complete works of Hans R. Rookmaaker | ||
| 505 | _tParte I: Filosofía y estética. | ||
| 505 | _tParte II: Jazz, blues y espirituales. | ||
| 505 | _tParte III: Artículos musicales | ||
| 563 | _aPasta dura | ||
| 650 | 7 |
_aArte y religión _2embne _96946 |
|
| 700 |
_95610 _aHengelaar-Rookmaaker, Marleen _eeditor |
||
| 942 | _cBK | ||
| 945 | _aJTF-925 | ||
| 999 |
_c31919 _d31919 |
||